000 01006nam a2200121Ia 4500
008 220615s9999||||xx |||||||||||||| ||und||
245 0 _aRethinking Sustainability Towards a Regenerative Economy
546 _aEnglish[eng]
650 _aUrban Ecology||Environment, general||Sustainable Architecture/Green Buildings||Environmental Sciences||Biophilic Design||Built Environment||Climate Change||Evidence-based Design||Green Roofs||Green Economy||Open Access||Regenerative Design||SDG 11||Sustainable Architecture||Sustainability||Sustainable Cities and Communities||Urban Climate||Ecological science, the Biosphere||Urban & municipal planning||The environment||Environmentally-friendly (‘green’) architecture & design
700 _aAndreucci, Maria Beatrice||Marvuglia, Antonino||Baltov, Milen||Hansen, Preben
856 _uhttps://library.oapen.org/bitstream/20.500.12657/50031/1/978-3-030-71819-0.pdf||https://library.oapen.org/bitstream/20.500.12657/50031/1/978-3-030-71819-0.pdf
942 _cEB
999 _c17527
_d17527